000 01161nmc a2200385 a 4500
003 AR-BaBNM
005 20251128205204.0
008 016119s1992 ||||||||||||||000 | spa||
020 _a968-16-1504-2
040 _cAR-BaBNM
100 1 _aVaillant, George C.
245 1 0 _aLa civilización azteca
_borigen, grandeza y decadencia
250 _a2ª ed. aum. y corr.
260 _aMéxico, D.F.
_bFondo de Cultura Económica
_c1992
300 0 _a317 p.
_bil., láms., mapas, tablas
490 0 _aSección de obras de antropología
500 0 _aINdice de nombres p. 297-310
504 _aContiene bibliografía p.255-289
650 4 _aARQUEOLOGIA
650 4 _aHISTORIA LATINOAMERICANA
650 4 _aHISTORIA CULTURAL
650 4 _aHISTORIA POLITICA
650 4 _aHISTORIA SOCIAL
650 4 _aANTROPOLOGIA
650 4 _aAZTECAS
650 4 _aCIVILIZACIONES ANTIGUAS
651 4 _aMéxico
651 4 _aAmérica Central
653 0 _aCULTURAS PRECOLOMBINAS
700 1 _aVaillant, Suzannah B.
_erevisión
700 1 _aVasconcelos, Samuel
_etraductor
700 1 _aMontero, Margarita
_etraductor
942 _cBK
998 _cEnrique
999 _c10372
_d10372